000 00508nam a22001697a 4500
999 _c4174
_d4174
003 GBCCL
005 20241126110513.0
008 180116b xxu||||| |||| 00| 0 eng d
040 _cgbc
082 _a227.8107
_bKHA
100 _aKham Khaw Lun, L.
_97942
245 _aThesalonikate kianga Paula Laikhak Hilhchetna /
_cL. Kham Khaw Lun
260 _aLamka:
_bEvangelical Book House,
_c1989
300 _a220 p.;
_c18 cm.
650 _aBible
_vNew Testament
_vThessalonians
_xCommentary
_97943
942 _2ddc
_cBK
_01